000 00558nam a2200229Ia 4500
003 OSt
005 20221005114224.0
006 a|||||r|||| 00| 0
007 ta
008 221004b |||||||| |||| 00| 0 tam d
024 _a9007
037 _cTextual
040 _aCRL
_cCRL
_btam
041 _2tam
_atam
082 _aLA, 31J1.1-.3
100 _aDorairajan C
_9625627
245 0 _aAnubhava vaidya murai
260 _c1950
650 _aMEDICINE
942 _hLA, 31J1.1-.3
_cTEXL
_2cc
999 _c1030692
_d1030692